000 00840nam a2200265Ia 4500
003 OSt
005 20220925193902.0
006 a|||||r|||| 00| 0
007 ta
008 220923b |||||||| |||| 00| 0 eng d
020 _a0521558239
037 _cGeneral Book
040 _aRTL
_cRTL
_beng
041 _2eng
_aeng
082 _aY:3(S:4), N7
100 _aCole Michael
245 0 _aMind, culture and activity
_b Seminal papers from the laboratory of comparative human congition
260 _aCambridge
_bCambridge University Press
_c1997
300 _axiii, 501p
_ccm.
500 _aBibliography chapterwise
700 _a Olga Vasquez Ed.
_9249691
700 _a Yrjo Engestrom
_9249692
942 _hY:3(S:4), N7
_cGB
_2CC
999 _c527487
_d527487